Bharat ke pramukh shiksha darshan (Record no. 1395391)

MARC details
000 -LEADER
fixed length control field 00559nam a2200205Ia 4500
005 - DATE AND TIME OF LATEST TRANSACTION
control field 20250508165504.0
008 - FIXED-LENGTH DATA ELEMENTS--GENERAL INFORMATION
fixed length control field 008 250505s9999 xx 000 0 hin d
020 ## - INTERNATIONAL STANDARD BOOK NUMBER
International Standard Book Number 978 93 81017 78 4
037 ## - SOURCE OF ACQUISITION
Stock number Textual
040 ## - CATALOGING SOURCE
Original cataloging agency FEDL
Language of cataloging eng
Transcribing agency FEDL
041 ## - LANGUAGE CODE
Language code of text/sound track or separate title hin
Source of code eng
084 ## - COLON CLASSIFICATION NUMBER
Classification number 370.1, CHO
Assigning agency FEDL
100 ## - MAIN ENTRY--PERSONAL NAME
Personal name Chaube R K
9 (RLIN) 780995
245 #0 - TITLE STATEMENT
Title Bharat ke pramukh shiksha darshan
260 ## - PUBLICATION, DISTRIBUTION, ETC.
Place of publication, distribution, etc. Jaipur, India
Name of publisher, distributor, etc. Aavishkar Publishers
Date of publication, distribution, etc. 2004
300 ## - PHYSICAL DESCRIPTION
Extent 160p.
365 ## - TRADE PRICE
Price type code INR
Price amount 350
942 ## - ADDED ENTRY ELEMENTS (KOHA)
Koha item type Textual
Classification part 370.1, CHO
Holdings
Withdrawn status Lost status Damaged status Not for loan Home library Current library Date acquired Cost, normal purchase price Total Checkouts Full call number Barcode Date last seen Price effective from Koha item type
        Department of Education Library Department of Education Library 2025-05-08 350.00   370.1, CHO EL0089029 2025-05-08 2025-05-08 Textual
Copyright @ Delhi University Library System